000 01387nam a2200325 a 4500
001 ebr10701234
003 CaPaEBR
006 m o u
007 cr cn|||||||||
008 130529s2007 enk sb 001 0 eng d
020 _z9781845113179
020 _z9780857711380 (e-book)
040 _aCaPaEBR
_cCaPaEBR
035 _a(OCoLC)847951834
050 1 4 _aBR479
_b.M67 2007eb
082 0 4 _a270.82
_223
100 1 _aMorris, Jeremy.
245 1 4 _aThe Church in the modern age
_h[electronic resource] /
_cJeremy Morris.
260 _aLondon :
_bI.B. Tauris,
_c2007.
300 _axxxi, 224 p.
490 1 _aThe I.B. Tauris history of the Christian Church ;
_vv. 7
504 _aIncludes bibliographical references and index.
505 0 _apt. I. 1914 to 1945 : the crisis of imperialism -- pt. II. 1945 to 1973 : the end of empire -- pt. III. 1973 to 2000 : the rise of the global south.
533 _aElectronic reproduction.
_bPalo Alto, Calif. :
_cebrary,
_d2013.
_nAvailable via World Wide Web.
_nAccess may be limited to ebrary affiliated libraries.
650 0 _aChurch history
_y20th century.
655 7 _aElectronic books.
_2local
710 2 _aebrary, Inc.
830 0 _aI.B. Tauris history of the Christian Church ;
_vv. 7.
856 4 0 _uhttp://site.ebrary.com/lib/rucke/Doc?id=10701234
_zAn electronic book accessible through the World Wide Web; click to view
999 _c20454
_d20454